| 000 | 00812cam a22002291 4500 | ||
|---|---|---|---|
| 001 | sa 68020586 | ||
| 003 | DLC | ||
| 005 | 20260227112725.0 | ||
| 008 | 940621s1966 io 100 0 ind | ||
| 010 | _asa 68020586 | ||
| 025 | _aPL480:Indo-5768 | ||
| 035 | _a(OCoLC)30637589 | ||
| 040 |
_aDLC _cCU _dDLC |
||
| 042 | _apremarc | ||
| 050 | 0 | 0 |
_aJQ763 1966 _b.S38 1966 |
| 111 | 2 |
_aSeminar Angkatan Darat _n(2d : _d1966 : _cSekolah Staf dan Komando Angkatan Darat) |
|
| 245 | 1 | 0 |
_aGaris-garis besar kebidjaksanaan dan rentjana-pelaksanaan stabilisasi politik; _chasil Seminar AD ke-II, tanggal 25 s/d 31 Agustus 1966 di Grha Wiyata Yudha/Seskoad Bandung. |
| 260 |
_a[Bandung, _c1966?] |
||
| 300 |
_a[44] l. _c33 cm. |
||
| 500 | _aCover title. | ||
| 651 | 0 |
_aIndonesia _xPolitics and government _y1966 _vCongresses. |
|
| 999 |
_c89511 _d89511 |
||